Logo BPK

Biblioteka

Politechniki Koszalińskiej

Matematyka : (Rekord nr 2800)

Szczegóły MARC
000 -ETYKIETA REKORDU
podpole kontrolne o stałej długości 01312nam a2200301 i 4500
001 - NUMER KONTROLNY REKORDU
pole kontrolne bg
003 - IDENTYFIKATOR NUMERU KONTROLNEGO REKORDU
podpole kontrolne BPK
005 - DATA OSTATNIEJ MODYFIKACJI REKORDU
podpole kontrolne 20200428143120.0
008 - POLE O STAŁEJ DŁUGOŚCI - DANE KONTROLNE
podpole kontrolne o stałej długości 070619s1973 pl a f |000 0 pol
015 ## - NUMER BIBLIOGRAFII NARODOWEJ
Numer bibliografii narodowej PB 1973/10602
040 ## - ŹRÓDŁO KATALOGOWANIA
Instytucja, która sporządziła opis WA N
Instytucja, która utworzyła rekord BPK
080 ## - UNIWERSALNA KLASYFIKACJA DZIESIĘTNA - UKD
UKD 51
080 ## - UNIWERSALNA KLASYFIKACJA DZIESIĘTNA - UKD
UKD 378.244
080 ## - UNIWERSALNA KLASYFIKACJA DZIESIĘTNA - UKD
UKD (075.3-021.66)
100 1# - NAZWA OSOBOWA
Nazwa osobowa Leitner, Roman
Daty związane z nazwą (1914-2008).
Określenie rodzaju współpracy Autor
245 10 - TYTUŁ/ODPOWIEDZIALNOŚĆ
Tytuł Matematyka :
Ciąg dalszy tytułu dla kandydatów na wyższe uczelnie
Oznaczenie części/sekcji dzieła Cz. 1,
Tytuł części/sekcji dzieła [Logika, zbiory, liczby rzeczywiste, funkcje, równania i nierówności, układy równań, ciągi, logarytmy, granice, pochodne, całki /
Pozostałe elementy strefy tytułu i oznaczenia odpowiedzialności Roman Leitner, Wojciech Żakowski.
246 30 - WARIANT TYTUŁU
Tytuł Logika, zbiory, liczby rzeczywiste, funkcje, równania i nierówności, układy równań, ciągi, logarytmy, granice, pochodne, całki
250 ## - STREFA WYDANIA
Oznaczenie wydania Wyd. 9.
260 ## - STREFA ADRESU WYDAWNICZEGO
Miejsce wydania Warszawa :
Nazwa wydawcy/dystrybutora Wydawnictwa Naukowo-Techniczne,
Data publikacji, dystrybucji/powstania dokumentu 1973.
300 ## - STREFA OPISU FIZYCZNEGO
Objętość 317 s. :
Inne cechy fizyczne il. ;
Rozmiary 23 cm.
650 #4 - HASŁO PRZEDMIOTOWE W FORMIE NAZWY OGÓLNEJ LUB JEDNOSTKOWEJ
Nazwa ogólna lub geograficzna Matematyka
Określnik ogólny szkoły średnie.
655 #4 - TERMIN INDEKSOWY - OKREŚLENIE RODZAJU/FORMY DOKUMENTU
Określenie rodzaju/formy dokumentu Podręczniki dla szkół średnich
650 #4 - HASŁO PRZEDMIOTOWE W FORMIE NAZWY OGÓLNEJ LUB JEDNOSTKOWEJ
Nazwa ogólna lub geograficzna Egzaminy do szkół wyższych
710 2# - HASŁO DODATKOWE - NAZWA CIAŁA ZBIOROWEGO
Nazwa ciała zbiorowego lub jednostki geograficznej Wydawnictwa Naukowo-Techniczne
Kod określenia powiązania pbl.
700 1# - HASŁO DODATKOWE - NAZWA OSOBOWA
Nazwa osobowa Żakowski, Wojciech
Daty związane z nazwą (1929-1993)
Określenie związku między hasłem a opisywanym materiałem Autor
856 ## - LOKALIZACJA I DOSTĘP DO ELEKTRONICZNYCH DOKUMENTÓW ZDALNYCH
Link (URL) http://koha.tu.koszalin.pl/cgi-bin/koha/opac-detail.pl?biblionumber=2800
Tekst linku Katalog online BPK
942 ## - DODATKOWE ELEMENTY (KOHA)
Schemat klasyfikacji Uniwersalna Klasyfikacja Dziesiętna
Typ dokumentu Książka
Egzemplarze
Wycofany Status egzemplarza Uszkodzony Dostępność Lokalizacja stała Lokalizacja bieżąca Miejsce przechowywania Sygnatura Kod kreskowy Ostatnio wypożyczono Typ dokumentu
      Dostępny Biblioteka Politechniki Koszalińskiej Biblioteka Politechniki Koszalińskiej Wypożyczalnia BG P 35368 01044393 02.03.2019 Książka
      Dostępny Biblioteka Politechniki Koszalińskiej Biblioteka Politechniki Koszalińskiej Wypożyczalnia BG P 35368/L 02310305 20.11.2018 Książka
© 2023 Biblioteka Politechniki Koszalińskiej :: KOHA